Секция 11 : Тепломассообмен в химико-технологических устройствах; Тепломассообмен - ММФ

Bibliografiske detaljer
Parent link:Тепломассообмен - ММФ=Heat/Mass transfer-MIF: минский международный форум, 24-27 мая 1988 г./ Академия наук Белорусской ССР (АН БССР), Институт тепло- и массообмена им. А. В. Лыкова (ИТМО). Секция 11 : Тепломассообмен в химико-технологических устройствах.— , 1988
Sprog:russisk
Udgivet: 1988
Fag:
Format: Bog
KOHA link:https://koha.lib.tpu.ru/cgi-bin/koha/opac-detail.pl?biblionumber=261665

MARC

LEADER 00000nam2a2200000 4500
001 261665
005 20231101233602.0
035 |a (RuTPU)RU\TPU\book\284646 
035 |a RU\TPU\book\284645 
090 |a 261665 
100 |a 20140526d1988 k y0rusy50 ca 
101 0 |a rus 
102 |a BY 
105 |a a z 101zy 
200 0 |a Секция 11 : Тепломассообмен в химико-технологических устройствах 
210 |d 1988 
215 |a 118 с.  |c ил. 
320 |a Библиография в конце статей 
461 1 |0 (RuTPU)RU\TPU\book\209503  |t Тепломассообмен - ММФ  |l Heat/Mass transfer-MIF  |o минский международный форум, 24-27 мая 1988 г.  |o тезисы докладов  |f Академия наук Белорусской ССР (АН БССР), Институт тепло- и массообмена им. А. В. Лыкова (ИТМО)  |v Секция 11 : Тепломассообмен в химико-технологических устройствах  |d 1988 
606 1 |a Тепломассообмен  |x (физика)  |2 stltpush  |3 (RuTPU)RU\TPU\subj\58920  |9 76603 
610 1 |a химико-технологические объекты 
610 1 |a пленочные аппараты 
610 1 |a жидкости 
610 1 |a вакуумная перегонка 
610 1 |a теплоперенос 
610 1 |a роторно-пленочные аппараты 
610 1 |a массоперенос 
610 1 |a моделирование 
610 1 |a тонкодисперсные материалы 
610 1 |a сушка 
610 1 |a химико-технологические устройства 
610 1 |a пластинчатые конденсаторы 
610 1 |a расчет 
610 1 |a форумы 
675 |a 536.2  |v 3 
801 1 |a RU  |b 63413507  |c 20140526 
801 2 |a RU  |b 63413507  |c 20150427  |g RCR 
942 |c BK